Izbrannyje sočinenija /
| Hlavní autor: | Oleša, Jurij Karlovič, 1899-1960 |
|---|---|
| Jazyk: | Ruština |
| Vydáno: |
Moskva : Goslitizdat, 1956 |
| Fyzický popis: |
495 s. |
| LEADER | 00584nam a22001932a 4500 | ||
|---|---|---|---|
| 001 | 001424748 | ||
| 003 | CZ BrMZK | ||
| 005 | 20150325105310.0 | ||
| 007 | ta | ||
| 008 | 141002s1956 ru er|||||||||||rus d | ||
| 040 | |a BOA001 |b cze | ||
| 100 | 1 | |a Oleša, Jurij Karlovič, |d 1899-1960 |7 jn20000604261 |4 aut | |
| 245 | 1 | 0 | |a Izbrannyje sočinenija / |c Jurij Karlovič Oleša |
| 260 | |a Moskva : |b Goslitizdat, |c 1956 | ||
| 300 | |a 495 s. | ||
| 910 | |a BOA001 |b 2-0374.875 | ||
| 990 | |a BK | ||
| 991 | |b 201409 | ||
| 996 | 7 | |b 2619144509 |c 2-0374.875 |l MZK |r Sklad / do 24 hodin |n 0 |w 001459727 |u 000010 |a 1 |e BOA001 |j MZK50 |s A | |
English
Čeština 